| 000 | 02186cam a2200385 i 4500 | ||
|---|---|---|---|
| 001 | 200468081 | ||
| 003 | TR-AnTOB | ||
| 005 | 20260413151129.0 | ||
| 007 | ta | ||
| 008 | 260413s1966 nyu b 001 0 eng | ||
| 010 | _a 66008089 | ||
| 035 | _a(OCoLC)ocm00315773 | ||
| 035 | _a(TR-AnTOB)200468081 | ||
| 040 |
_aDLC _beng _erda _cFIN _dOCL _dSER _dBAKER _dBTCTA _dRBN _dIAK _dOCLCA _dSTF _dOTP _dDEBBG _dYDXCP _dOCLCF _dOCLCQ _dOCL _dLMR _dOCLCA _dPAU _dOCLCQ _dCNO _dOCLCQ _dUKUOY _dOCLCQ _dCUY _dCBA _dUMK _dOCLCO _dOCL _dALAUL _dOCL _dOCLCO _dOCLCQ _dVI# _dOCLCO _dOBE _dOCLCL _dOCLCQ _dTR-AnTOB |
||
| 041 | 0 | _aeng | |
| 050 | 0 | 4 |
_aPS3505.R272 _b1966 |
| 090 |
_aPS3505.R272 _b1966 |
||
| 100 | 1 |
_aCrane, Hart, _d1899-1932 _eauthor _4aut _9152997 |
|
| 245 | 1 | 4 |
_aThe complete poems and selected letters and prose of Hart Crane / _cHart Crane ; edited with an introduction and notes by Brom Weber. |
| 264 | 1 |
_aGarden City, N.Y. : _bAnchor Books, _c1966. |
|
| 300 |
_axvii, 302 pages ; _c18 cm |
||
| 336 |
_atext _btxt _2rdacontent |
||
| 337 |
_aunmediated _bn _2rdamedia |
||
| 338 |
_avolume _bnc _2rdacarrier |
||
| 504 | _aBIBINDX | ||
| 505 | 0 | _aIntroduction -- White buildings -- The bridge -- Uncollected poems -- Early poems -- Late poems : Key West : an island sheaf -- More late poems -- Selected prose -- The case against Nietzsche -- Joyce and ethics -- Review of The Ghetto and Other Poems -- Review of Minna and Myself -- Review of Winesburg, Ohio -- A note on Minns -- Sherwood Anderson -- Review of Eight More Harvard Poets -- General aims and theories -- A letter to Gorham Munson -- A letter to Waldo Frank -- A letter to Harriet Monroe -- A letter to Yvor Winters -- A letter to Otto H. Kahn -- A letter to Herbert Weinstock -- A letter to Allen Tate -- Modern poetry -- From haunts of Proserpine. | |
| 600 | 1 | 0 |
_aCrane, Hart, _d1899-1932. _tCorrespondence _9153608 |
| 650 | 0 |
_aPoetry _vCollections _9100147 |
|
| 650 | 0 |
_aPoets, American _y20th century _vCorrespondence _9153196 |
|
| 655 | 7 |
_aPoetry _2lcgft _9151583 |
|
| 700 | 1 |
_aWeber, Brom, _d1917-1998 _eeditor, _4edt _ewriter of introduction _4win _9153609 |
|
| 942 |
_2lcc _cBK |
||
| 999 |
_c200468081 _d86293 |
||